| 000 | 01089nam0a22002771 4500 | ||
|---|---|---|---|
| 001 | v19\rc\1748060 | ||
| 005 | 20061204153340.1 | ||
| 035 | _a(NLR Aleph) 004889810 | ||
| 090 |
_a5258941 _c5258941 |
||
| 100 | _a20061204d1902 |||y0rusy50 ca | ||
| 101 | 0 | _arus | |
| 102 | _aRU | ||
| 105 | _ac z ||||| | ||
| 200 | 1 |
_aОптинский старец Амвросий _fПод ред. прот. И.Г. Покровского |
|
| 210 |
_aСанкт-Петербург _cПостоян. комис. нар. чтений _d1902 |
||
| 215 | _a24 с., 1 л. фронт. (портр.) | ||
| 225 | 1 | _aНародные чтения | |
| 702 | 0 |
_6z01790 _aАмвросий _cГренков, Александр Михайлович _f1812-1891 _4570 |
|
| 702 | 1 |
_aПокровский _bИ. Г. _f1834-1902 _gИоанн Гаврилович _4340 |
|
| 790 | 1 |
_6z01702 _aГренков _bА. М. _f1812-1891 _gАлександр Михайлович |
|
| 801 | 0 |
_aRU _bNLR _gpsbo |
|
| 801 | 0 |
_aRU _bRuMoRGB _2psbo |
|
| 801 | 1 |
_aRU _bProSoft-M _2rusmarc |
|
| 852 |
_aNLR _j18.333.3.314 |
||
| 942 | _cBOOK | ||
| 980 | _aNB | ||